Statistics for LGBT+ flags

Click here to take the quiz!

General Stats

  • This quiz has been taken 644 times
  • The average score is 12 of 15

Answer Stats

Answer% Correct
Pride
98%
Bi
97%
Transgender
97%
Lesbian
96%
Pan
95%
Asexual
93%
Non binary
86%
Intersex
82%
Ally
78%
Aromantic
77%
Demi
74%
Gender Fluid
67%
Agender
66%
Gender Queer
56%
Gay man
16%

Score Distribution

Percentile by Number Answered

Percent of People with Each Score

Your Score History

You have not taken this quiz